Disaster Management: Future Challenges and Opportunities (Record no. 14737)
[ view plain ]
| 000 -LEADER | |
|---|---|
| fixed length control field | 00399nam a22001457a 4500 |
| 020 ## - INTERNATIONAL STANDARD BOOK NUMBER | |
| ISBN | 9788189866464 |
| 082 ## - DEWEY DECIMAL CLASSIFICATION NUMBER | |
| Classification number | 658.477 |
| Item number | JAG/DI |
| 100 ## - MAIN ENTRY--AUTHOR NAME | |
| Personal name | Jagbir, Singh |
| 245 ## - TITLE STATEMENT | |
| Title | Disaster Management: Future Challenges and Opportunities |
| 250 ## - EDITION STATEMENT | |
| Edition statement | 1 |
| 260 ## - PUBLICATION, DISTRIBUTION, ETC. (IMPRINT) | |
| Place of publication | New Delhi |
| Name of publisher | I.K. International Publishing House Pvt. Ltd. |
| Year of publication | 2007 |
| 300 ## - PHYSICAL DESCRIPTION | |
| Number of Pages | 351 |
| 700 ## - ADDED ENTRY--PERSONAL NAME | |
| Personal name | Jagbir, Singh |
| 942 ## - ADDED ENTRY ELEMENTS (KOHA) | |
| Koha item type | Book Bank scheme for SC students |
| Withdrawn status | Lost status | Damaged status | Collection code | Home library | Current library | Shelving location | Date acquired | Source of acquisition | Cost, normal purchase price | Full call number | Accession Number | Koha item type |
|---|---|---|---|---|---|---|---|---|---|---|---|---|
| KAUAET | KAUAET | Scheme | 26/08/2016 | Dream Tech, Trivandrum. | 395.00 | 658.477 JAG/DI | BB 279 | Book Bank scheme for SC students |
